|
|
|
|
| LEADER |
00000nab a2200000ua 4500 |
| 001 |
vtls010809859 |
| 003 |
SK-MaSNL |
| 005 |
20260303131904.0 |
| 008 |
230218s1977 xo |||||||||||||||||ukr| |
| 035 |
|
|
|a (urnnbn)urn:nbn:sk:snk:ar-004oi7
|
| 035 |
|
|
|a (uuid)55f77465-15d9-4f28-8660-70246d3489b7
|
| 035 |
|
|
|a urn:nbn:sk:snk-ab44jt
|
| 040 |
|
|
|a SNKBUCL
|b slo
|c SNKBUCL
|e AACR2
|
| 041 |
0 |
|
|a ukr
|
| 044 |
|
|
|a xo
|c SK
|
| 100 |
1 |
|
|a Boguš Nosak-Nezabudov
|4 aut
|9 1149116
|
| 245 |
1 |
0 |
|a Krajna*
|c Boguš Nosak-Nezabudov, Larisa Mol'nar
|
| 700 |
1 |
|
|a Molnárová, Larysa,
|d 1928-
|4 trl
|9 126049
|
| 773 |
0 |
|
|t Duklja : literaturno-chudožnij ta hromads'ko-polityčnyj al'manach
|g Roč. 25, č. 3 (1977), s. 65
|
| 958 |
|
|
|a OND
|
| 958 |
|
|
|a EUIPO
|
| 958 |
|
|
|a article3
|
| 999 |
|
|
|c 1947639
|d 1949569
|